00521nam a2200145 a 450000500170000000800410001705000200005824500420007826000590012030000110017944000210019065000270021199900190023895201180025720140513081048.0020906s19uu xx 00 eng d aP 920bPHI 2001 aPhilippine Presidents (1898-Present). aQuezon City, Philippines :bMabuhay Boardgames,c2001. aPoster aTeacher's Choice aPresidents-Philippines c116240d116240 001040aELbELcKITd2002-09-06eLib. Fundg16.00l0oP 920 PHI 2001pE202r2014-05-13 00:00:00w2014-05-13yKIT